Statistics for Countries with the Largest Merchant Navies

Click here to take the quiz!

General Stats

  • This quiz has been taken 18,731 times
  • The average score is 12 of 20

Answer Stats

Gross tonnageCountry% Correct
9.9 milUnited States
99%
117 milChina / Hong Kong
97%
40.9 milUnited Kingdom / Bermuda
94%
17.8 milJapan
91%
18.5 milSpain
81%
13.7 milGermany
77%
18.0 milItaly
77%
10.1 milIndonesia
76%
11.1 milSouth Korea
73%
14.4 milNorway
67%
41.1 milGreece
61%
11.3 milDenmark
57%
59.2 milSingapore
56%
216 milPanama
53%
48.3 milBahamas
34%
19.7 milCyprus
27%
45.0 milMalta
27%
124 milLiberia
21%
10.6 milAntigua and Barbuda
16%
81.1 milMarshall Islands
12%

Score Distribution

Percentile by Number Answered

Percent of People with Each Score

Your Score History

You have not taken this quiz